000 00536nam a22001577a 4500
082 _a621.11
_bRIZ
100 _aRizvi, Syed Asad Ali (401617)
_9132317
245 _aInvestigating the Impact of Climate Change on Solar PV System Performance and Durability for Sustainable Development /
264 _aIslamabad :
_bUSPCAS-E, NUST
_cAugust, 2025
300 _axxvi, 170 p.
_e+CD
520 _aTH-652
650 _aMS ESE Thesis
650 _aMS Thesis
_918721
700 _aSupervisor: Dr. Abeera Ayaz Ansari
_9117653
942 _2ddc
_cTHE
999 _c615539
_d615539